Normal view
MARC view
Entry Topical Term
001 - CONTROL NUMBER
- control field: 20101
003 - CONTROL NUMBER IDENTIFIER
- control field: ARRUPE
005 - DATE AND TIME OF LATEST TRANSACTION
- control field: 20151007092139.0
008 - FIXED-LENGTH DATA ELEMENTS
- fixed length control field: 151007|| aca||aabn | a|a d
040 ## - CATALOGING SOURCE
- Original cataloging agency: ARRUPE
- Transcribing agency: ARRUPE
150 ## - HEADING--TOPICAL TERM
- Topical term or geographic name as entry element: Religious pluralism.
670 ## - SOURCE DATA FOUND
- Source citation: Work cat.: (ARRUPE)0: Shenk, Calvin E., 1936- 20098, Who do you say that I am? :, c1997.